000 02650nab a2200337 a 4500
005 20250311063805.0
008 991125c2017 sp tr p o 000 0 spa d
035 _aUPN01000218127
040 _aUPN
_bspa
_cUPN
_eaacr2
049 _aART-E
100 1 _aEstevez, Ana
_6- aestevez@deusto.es
100 1 _aUrbiola, Irache
100 1 _aIruarrizaga, Itziar
100 1 _aOnaindia, Jaione
100 1 _aJauregui, Paula
245 1 0 _aDependencia emocional en el noviazgo y consecuencias psicológicas del abuso de internet y móvil en jóvenes
_h[recurso electrónico en línea]
506 0 _aAcceso abierto
520 3 _aLa creciente presencia de las nuevas tecnologías en nuestras vidas hace necesaria el estudio de sus posibles consecuencias y del desarrollo de conductas adictivas. En este sentido, la adolescencia es una edad especialmente vulnerable a la aparición de conductas de riesgo como las adicciones por tratarse de una etapa marcada por un exceso de dependencia. Por ello, con una muestra de 535 jóvenes universitarios, el presente estudio pretende analizar la dependencia emocional en el noviazgo y las consecuencias psicológicas en relación al uso de Internet y móvil (a nivel de sintomatología ansioso-depresiva y autoestima), considerando también las diferencias de género, así como el papel que juega la dependencia emocional en este uso y el papel predictor del uso sobre las mencionadas consecuencias. Los resultados muestran que habría diferencias de género en el abuso de móvil, depresión y autoestima. Además, la dependencia emocional correlacionaría con el abuso de Internet y móvil, y ambos constructos correlacionarían con ansiedad, depresión y autoestima. Finalmente. La dependencia emocional sería predictora del abuso de Internet y móvil, así como de la sintomatología ansiosa y depresiva, y de la autoestima, que también serían predictores del abuso de móvil e Internet. Este estudio proporciona nuevas claves a la hora de comprender la dependencia emocional y el abuso de Internet y móvil, y de la relación que mantienen entre sí y con otros constructos.
650 4 _aInternet
_9547
650 7 _94750
_aAnsiedad
650 2 _913262
_aDepresiones
650 4 _92906
_aAutoestima
653 0 _aDependencia emocional
653 0 _aTelefonía móvil
773 _gVol. 33, no. 2 (2017), p. 260-268
_tAnales de psicología = Annals of psychology
_x1695-2294
856 4 _uhttps://revistas.um.es/analesps/article/view/analesps.33.2.255111
856 4 _uhttps://doi.org/10.6018/analesps.33.2.255111
902 _aGloria Jiménez/0924
905 _aArticulo
942 _cART-E
999 _c190227
_d190227